[Event "25th Bosnjaci Open 2020"]
[Site "Bosnjaci"]
[Date "2020.01.03"]
[Round "1.1"]
[White "Saravanja, Matija"]
[Black "Kovacevic, Blazimir"]
[Result "0-1"]
[WhiteElo "1875"]
[BlackElo "2451"]
[Annotator "TA"]
[PlyCount "46"]
[EventDate "2020.01.03"]
[EventType "swiss"]
[EventCountry "CRO"]
[SourceTitle "playchess.com"]
[Source "ChessBase"]
[SourceQuality "1"]

{[%evp 9,46,0,7,-69,-21,-112,-58,-59,-60,-91,-84,-95,-103,-113,-99,-94,-106,-146,-127,-208,-189,-180,-166,-211,-177,-188,-185,-295,-283,-301,-297,-310,-329,-413,-329,-393,-406,-443,-446]} 1. e4 e6 2. d4 d5 3. Nc3 h6 4. e5 (4. Nf3 Nf6 5. Bd3 Bb4 6. exd5 exd5 7. O-O O-O 8. h3 Re8 9. Re1 Rxe1+ 10. Qxe1 c6 11. Bf4 Na6 12. a3 Bf8 13. Ne2 Nc7 14. Ne5 Nce8 15. c3 Nd6 {1-0 (25) Kobalia,M (2610)-Antipov,M (2595) Sochi 2019}) 4... c5 5. Nf3 Nc6 6. Bf4 $146 {C10: French with 3 Nc3: Unusual Black 3rd moves and 3...dxe4} (6. Ne2 $11) ({Predecessor:} 6. Bb5 Bd7 7. Bxc6 Bxc6 8. Be3 Ne7 9. dxc5 Nf5 10. b4 d4 11. Nxd4 Nxe3 12. fxe3 Bxg2 {½-½ (64) Hofmann,R (2118)-Rudolph,J (1939) Lueneburg 2016}) 6... Nge7 7. Bd3 {[#]} (7. dxc5 $11 g5 8. Bg3) 7... Nxd4 ({Don't take} 7... cxd4 8. Nb5 $15) (7... g5 $1 $17 {[%cal Rg5f4]} 8. Bg3 cxd4) 8. Nxd4 $15 {Black is slightly better.} cxd4 9. Nb5 {[#] aiming for Nd6+.} Nc6 $1 10. Qg4 g5 11. Bd2 a6 12. Nxd4 Nxe5 13. Qh5 Bg7 $36 {[%mdl 2048] Keeping White busy.} 14. Bc3 (14. Ne2 $17) 14... Nxd3+ $19 15. cxd3 e5 16. Ne2 Bf5 17. Qf3 Qd7 18. Qe3 (18. d4 $142) 18... O-O {Threatens to win with ...d4.} 19. Bb4 Rfe8 20. Ng3 Bg6 21. a4 Qg4 22. Bd2 Rac8 23. O-O d4 {Accuracy: White = 24%, Black = 67%.} 0-1

[Event "25th Bosnjaci Open 2020"]
[Site "Bosnjaci"]
[Date "2020.01.03"]
[Round "1.2"]
[White "Zaja, Ivan"]
[Black "Mesic, Ismet"]
[Result "1-0"]
[WhiteElo "2447"]
[BlackElo "1874"]
[Annotator "TA"]
[PlyCount "25"]
[EventDate "2020.01.03"]
[EventType "swiss"]
[EventCountry "CRO"]
[SourceTitle "playchess.com"]
[Source "ChessBase"]
[SourceQuality "1"]

{[%evp 17,89,38,54,80,102,103,135,128,127,64,66,65,117,117,117,119,115,115,116,64,120,122,132,117,121,122,150,150,199,190,233,232,324,331,317,301,316,301,301,225,225,225,222,202,191,168,168,168,188,182,182,125,193,155,187,173,351,140,133,116,201,209,717,708,2323,1929,5193,4818,4794,4694,2512,2007,29982,29983]} 1. d4 Nf6 2. c4 g6 3. Nc3 Bg7 4. e4 d6 5. f3 O-O 6. Be3 e5 7. Nge2 Nc6 8. d5 Ne7 9. g4 c6 10. Ng3 {E85: King's Indian: Sämisch: 6...e5} (10. Qd2 cxd5 11. cxd5 a6 12. Ng3 b5 13. h4 Ne8 14. h5 f5 15. gxf5 gxf5 16. Bg5 b4 17. Nd1 f4 18. Nf5 Bxf5 19. exf5 {1-0 (42) Galunova,T (2143)-Vaishali,R (2411) Anogia 2019}) 10... cxd5 11. cxd5 ({Of course not} 11. exd5 $6 Ne8 $11) 11... Qa5 12. Qd2 {White is clearly better.} Bd7 13. h4 {Played: Nc3-b5} 1-0

[Event "25th Bosnjaci Open 2020"]
[Site "Bosnjaci"]
[Date "2020.01.03"]
[Round "1.3"]
[White "Golubicic, Luka"]
[Black "Fercec, Nenad"]
[Result "0-1"]
[WhiteElo "1871"]
[BlackElo "2423"]
[Annotator "NA"]
[PlyCount "46"]
[EventDate "2020.01.03"]
[EventType "swiss"]
[EventCountry "CRO"]
[SourceTitle "playchess.com"]
[Source "ChessBase"]
[SourceQuality "1"]
[TimeControl "5400+30"]

1. d4 {[%emt 0:02:30]} Nf6 {[%emt 0:00:30]} 2. Nf3 {[%emt 0:00:00]} b6 {[%emt 0:00:00]} 3. g3 {[%emt 0:00:00]} Bb7 {[%emt 0:00:00]} 4. Bg2 {[%emt 0:00:00]} g6 {[%emt 0:00:00]} 5. O-O {[%emt 0:00:00]} Bg7 {[%emt 0:00:00]} 6. a4 {[%emt 0:00:30]} O-O {[%emt 0:00:30]} 7. Na3 {[%emt 0:00:30]} c5 {[%emt 0:00:30]} 8. dxc5 {[%emt 0:00:30]} bxc5 {[%emt 0:00:00]} 9. c4 {[%emt 0:00:00]} Na6 {[%emt 0:01:00]} 10. Nh4 {[%emt 0:02:00]} Bxg2 {[%emt 0:00:30]} 11. Nxg2 {[%emt 0:00:30]} Nb4 {[%emt 0:00:30]} 12. Nb5 {[%emt 0:00:30]} d5 {[%emt 0:03:30]} 13. cxd5 {[%emt 0:00:30]} Nfxd5 {[%emt 0:00:30]} 14. Ne3 {[%emt 0:00:30]} a6 {[%emt 0:01:30]} 15. Na3 {[%emt 0:00:30]} Nxe3 {[%emt 0:00:30]} 16. Bxe3 {[%emt 0:00:30]} Bxb2 {[%emt 0:00:30]} 17. Bxc5 {[%emt 0:00:00]} Qxd1 {[%emt 0:00:00]} 18. Rfxd1 {[%emt 0:00:00]} Bxa1 {[%emt 0:01:00]} 19. Bxb4 {[%emt 0:00:00]} Bf6 {[%emt 0:00:30]} 20. Rd7 {[%emt 0:00:00]} Rfd8 {[%emt 0:00:30]} 21. Rxd8+ {[%emt 0:00:30]} Rxd8 {[%emt 0:00:30]} 22. a5 {[%emt 0:00:30]} Rd4 {[%emt 0:00:30]} 23. Bc5 {[%emt 0:00:30]} Ra4 {[%emt 0:01:30]} 0-1

[Event "25th Bosnjaci Open 2020"]
[Site "Bosnjaci"]
[Date "2020.01.03"]
[Round "1.4"]
[White "Muratovic, Efim"]
[Black "Kirilov, Ivaylo"]
[Result "1/2-1/2"]
[WhiteElo "2394"]
[BlackElo "1869"]
[Annotator "TA"]
[PlyCount "45"]
[EventDate "2020.01.03"]
[EventType "swiss"]
[EventCountry "CRO"]
[SourceTitle "playchess.com"]
[Source "ChessBase"]
[SourceQuality "1"]

{[%evp 16,45,32,-15,25,0,11,0,0,0,0,0,0,0,-5,-12,-12,-38,-33,-47,-28,-50,-34,-59,-42,-41,-51,-48,-28,-41,0,0]} 1. d4 g6 2. e4 Bg7 3. Nc3 a6 4. a4 d6 5. Nf3 Nf6 6. Be2 Nc6 7. O-O O-O 8. h3 e5 9. Be3 Re8 {B08: Pirc Defence: Classical System} (9... exd4 10. Nxd4 Re8 11. Nxc6 bxc6 12. Bd3 c5 13. Rb1 Bb7 14. Bg5 h6 15. Bxf6 Qxf6 16. Bc4 c6 17. Qd3 a5 18. Rbd1 {1-0 (57) Malakhov,V (2702)-Nepomniachtchi,I (2728) Sochi 2015}) 10. d5 Nd4 $1 11. Nxd4 exd4 12. Bxd4 Nxe4 {[#] White must now prevent ...Bxd4.} 13. Bxg7 Kxg7 14. Nxe4 Rxe4 15. Qd2 $146 ({Predecessor:} 15. Bf3 Re5 16. Kh2 Bf5 17. g3 {½-½ (48) Bakalarz,L (2124)-Weissbein,T (2260) Jastrzebia Gora 2015}) 15... Qf6 16. b3 (16. Bd3 $5 {[%cal Rd3e4]} Re5 17. c4 $11) 16... Bf5 17. Bf3 Re7 18. Rae1 Rae8 19. Re3 Rxe3 20. fxe3 Qe5 21. Re1 f6 22. e4 Qg3 23. Qf2 {Accuracy: White = 27%, Black = 56%.} 1/2-1/2

[Event "25th Bosnjaci Open 2020"]
[Site "Bosnjaci"]
[Date "2020.01.03"]
[Round "1.5"]
[White "Kolanovic, Kazimir"]
[Black "Rogulj, Branko"]
[Result "0-1"]
[WhiteElo "1867"]
[BlackElo "2386"]
[Annotator "TA"]
[PlyCount "64"]
[EventDate "2020.01.03"]
[EventType "swiss"]
[EventCountry "CRO"]
[SourceTitle "playchess.com"]
[Source "ChessBase"]
[SourceQuality "1"]

{[%evp 13,64,-35,-27,-50,-51,-56,-36,-71,-75,-91,-73,-73,-23,-13,0,-23,-19,-18,11,16,33,2,71,41,41,33,48,44,33,41,50,14,0,-8,-8,-93,-10,-12,-10,-10,-10,-33,-8,-16,-31,-33,-33,-99,-102,-92,-81,-29997,-29998]} 1. d4 Nf6 2. c4 c5 3. e3 g6 4. Nf3 Bg7 5. g3 O-O 6. Bg2 cxd4 7. exd4 d5 8. b3 {E60: King's Indian: Unusual lines and Fianchetto Variation without Nc3} Nc6 9. O-O Bg4 10. Be3 {[#]Black is slightly better.} e5 $146 {[%mdl 512]} ({Predecessor:} 10... Qc8 11. Nbd2 Qf5 12. Rc1 Rfd8 13. Qc2 Qh5 {0-1 (54) Schoch,I (2150)-Gulamali,K (2300) Las Vegas 2014}) 11. dxe5 Nxe5 {Hoping for ...Ne4.} 12. Nbd2 dxc4 13. bxc4 Nfd7 14. Rb1 b6 15. Qa4 Nxf3+ 16. Nxf3 Nc5 17. Qa3 Qc8 (17... Re8 $11) 18. Nd2 Bh3 19. Bxh3 Qxh3 20. Bxc5 bxc5 21. Qxc5 Rfd8 22. Nb3 (22. Qa5 {is interesting.} Qc8 23. c5 Rd5 24. Ne4 Qc6 25. Qb5) 22... Qg4 $1 23. Qe3 Qxc4 24. Rfd1 (24. Rfc1 $11 {remains equal.} Qa6 25. Rc2) 24... Qa6 (24... Qc2 $17 25. Qf3 Qxa2) 25. Rd2 $11 Rxd2 26. Qxd2 Re8 27. Qa5 Qd3 28. Rf1 Re7 29. Qc5 Bf6 30. Nc1 (30. Rc1 $1 $15) 30... Qf3 $17 31. Qc2 Bd4 32. Qb3 $2 {[%mdl 8192] [#]} (32. a4 $17) 32... Bxf2+ $1 {[%mdl 576] Back Rank. Accuracy: White = 28%, Black = 55%.} 0-1

[Event "25th Bosnjaci Open 2020"]
[Site "Bosnjaci"]
[Date "2020.01.03"]
[Round "1.6"]
[White "Zufic, Miroslav"]
[Black "Lazic, Emanuel"]
[Result "1-0"]
[WhiteElo "2375"]
[BlackElo "1864"]
[Annotator "TA"]
[PlyCount "121"]
[EventDate "2020.01.03"]
[EventType "swiss"]
[EventCountry "CRO"]
[SourceTitle "playchess.com"]
[Source "ChessBase"]
[SourceQuality "1"]

{[%evp 16,121,20,0,19,20,16,8,51,33,85,15,96,71,86,94,86,87,88,-19,-7,-14,0,-54,-39,-54,-33,-61,-58,-92,-84,-71,-78,-86,-12,-93,0,-60,141,108,426,19,11,25,26,0,0,0,0,0,0,0,0,-5,0,0,0,0,0,0,0,0,0,0,0,0,11,4,25,18,25,18,18,26,26,0,84,105,108,102,160,125,91,64,78,65,106,100,100,77,177,41,285,288,246,83,191,182,371,358,512,516,454,422,450,422,12846,12847]} 1. e4 c5 2. Nf3 e6 3. d4 cxd4 4. Nxd4 a6 5. Nc3 Qc7 6. Bd3 Nf6 7. O-O d6 8. Qe2 Be7 9. Kh1 O-O {B42: Sicilian: Kan Variation: 5 Bd3} (9... Nbd7 10. f4 b5 11. Bd2 Bb7 12. Rae1 b4 13. Nd1 Nc5 14. Nf2 Qb6 15. Be3 Qd8 16. Bd2 Nxd3 17. cxd3 a5 18. Rc1 {½-½ (41) Bilguun,S (2490)-Iturrizaga Bonelli,E (2652) Biel 2018}) 10. f4 Nc6 11. Nxc6 Qxc6 {The position is equal.} 12. a4 d5 $146 (12... Nd7 $14) ({Predecessor:} 12... Nd7 13. Rf3 Nc5 14. Bc4 Rd8 15. b4 Nxe4 16. Nxe4 {½-½ (50) Filippova,D (2110)-Urazayev,A (2442) Cheliabinsk 2019}) 13. e5 (13. exd5 $16 Nxd5 14. Nxd5 Qxd5 15. b3) 13... Ne8 (13... Nd7 $1 $11) 14. Be3 b6 15. Qh5 {[%csl Gd3][%cal Rh5h7]} g6 16. Qh6 f5 17. exf6 (17. Ne2 $16) 17... Bxf6 $11 18. Ne2 Bxb2 19. Rab1 (19. Nd4 $1 $11 Qc7 20. Rab1) 19... Bg7 $15 20. Qh4 Rb8 21. a5 b5 22. Bd4 Bxd4 23. Nxd4 Qc3 24. Nf3 Nd6 (24... Rb7 $17 25. Ne5 Qc5) 25. Rbe1 (25. Ne5 $1 $11 Qc7 26. Bxg6 hxg6 27. Nxg6) 25... Nf7 (25... Rb7 $17 26. Ng5 Nf5 27. Bxf5 exf5) 26. Qg3 (26. g4 $11 Qb4 27. f5 exf5 28. gxf5 Qxh4 29. Nxh4) 26... Qg7 $2 {[#]} (26... Rb7 $1 $15 {stays ahead.}) 27. f5 $1 $16 {[%mdl 512]} e5 $2 {[%mdl 8192]} (27... Rb7 $16 {is more resistant.}) (27... exf5 28. Qxb8) 28. f6 $2 (28. fxg6 $18 hxg6 29. Nxe5 Nxe5 30. Rxf8+ (30. Qxe5 Rxf1+ 31. Bxf1 Qxe5 $16) 30... Kxf8 31. Rxe5) 28... Qxf6 $11 29. Nxe5 Qd6 30. h4 {Threatens to win with h5.} (30. Nxg6 $5 hxg6 31. Rf4 $14 {[%mdl 64] Remove Defender} (31. Rxf7 Qxg3 32. Rxf8+ Kxf8 $11)) 30... Bb7 {Strongly threatening ...Rbe8.} 31. h5 {[%cal Rh5g6]} Nxe5 32. Rxf8+ Rxf8 (32... Kxf8 $2 33. Rxe5 Kg7 34. h6+ $1 {[%mdl 512]} Kxh6 35. Rh5+ $1 {[%mdl 512]} Kxh5 36. Qxd6 $18) 33. Rxe5 {[%cal Rh5g6]} Rf6 $1 34. Kh2 Kf7 (34... Bc6 {with more complications.} 35. hxg6 hxg6 36. Rg5 Kg7 37. Qxd6 Rxd6 38. g4 Re6) 35. hxg6+ hxg6 36. Rg5 Qxg3+ (36... Kg7 {seems wilder.} 37. Qxd6 Rxd6 38. Kg3 Kh6 39. Re5 d4) 37. Kxg3 {[%mdl 4096] Endgame KRB-KRB} d4 38. Rg4 Rd6 39. Kf4 Bc8 40. Ke5 Re6+ 41. Kxd4 Bb7 42. g3 Rd6+ 43. Kc5 Rc6+ 44. Kb4 Bc8 45. Rg5 {And now Rc5 would win.} Bd7 (45... Bf5 $11 {keeps the balance.} 46. Bxf5 gxf5) 46. Rc5 $16 {Rxc6 is the strong threat.} Rd6 47. Rc7 Ke7 ({Black should try} 47... Kf6) 48. Kc5 Re6 49. Ra7 Rc6+ $1 50. Kd4 Rd6+ $1 51. Ke5 Re6+ 52. Kf4 $1 Kd8 {[#]} (52... Rf6+ $16 53. Kg5 Rf3) 53. Kg5 ({White must play} 53. g4 $1 $18) 53... Be8 $2 (53... Rd6 $14) 54. g4 $18 Rd6 {[#]} 55. Rg7 $2 (55. Kh6 $1 $18 {is the precise move to win.}) 55... Rd5+ (55... b4 $16) 56. Kf6 Rd4 $2 (56... b4) 57. g5 Rd6+ (57... b4 $142 58. Ke5 (58. Bxg6 Rd6+ 59. Kf5 Rd5+ 60. Kf6 Rd6+ 61. Kf5 Rd5+ 62. Kf6 Rd6+ $16) 58... Rg4) 58. Ke5 {White is clearly winning.} Rc6 59. Kd5 Kc8 60. Rg8 Kd8 {[#]} (60... Kd7 $142) 61. Rxe8+ $1 {[%mdl 576] Remove Defender. Accuracy: White = 43%, Black = 33%.} 1-0

[Event "25th Bosnjaci Open 2020"]
[Site "Bosnjaci"]
[Date "2020.01.03"]
[Round "1.7"]
[White "Slobodjanac, Sinisa"]
[Black "Jakovljevic, Vlado"]
[Result "1/2-1/2"]
[WhiteElo "1858"]
[BlackElo "2351"]
[Annotator "TA"]
[PlyCount "99"]
[EventDate "2020.01.03"]
[EventType "swiss"]
[EventCountry "CRO"]
[SourceTitle "playchess.com"]
[Source "ChessBase"]
[SourceQuality "1"]

{[%evp 9,99,-18,0,0,0,-18,-2,-187,0,-14,0,-7,4,-27,-12,-23,-22,-187,-200,-210,-70,-168,-78,-130,-46,-39,-54,-31,-53,-101,-100,-136,-136,-136,-137,-132,-131,-138,-132,-160,-154,-158,-151,-219,-171,-229,-161,-161,-161,-183,-160,-178,-169,-187,-174,-176,-176,-170,-121,-119,-26,-27,0,0,0,0,0,0,0,0,0,0,0,0,0,0,0,0,0,0,0,0,0,0,0,0,0,0,0,0,0,0]} 1. b4 e5 2. Bb2 Bxb4 3. Bxe5 Nf6 4. c4 O-O ({Predecessor:} 4... c5 5. Nf3 O-O 6. e3 Re8 7. Be2 Nc6 8. Bb2 d5 9. cxd5 Nxd5 {1-0 (37) Healey,M (2144)-Brunner,N (2427) Nancy 2019}) 5. e3 Re8 6. Nf3 {A00: Irregular Openings} d5 7. cxd5 $146 (7. Bb2 Nc6 8. cxd5 Nxd5 9. Be2 Qd6 10. O-O Qg6 11. Kh1 Bg4 12. Nh4 Bxe2 13. Qxe2 Qe4 14. Nf3 Nf4 15. Qb5 Nd3 {½-½ (41) Timmermans,M (2375)-Erdos,V (2605) Skopje 2018}) 7... Nxd5 8. Be2 $2 {[#]} (8. a3 $11 Nc6 9. Bb2) 8... c5 $2 (8... Rxe5 $1 $19 {[%mdl 512]} 9. Nxe5 Qf6) 9. O-O Nc6 10. Bb2 Bg4 11. a3 Ba5 12. Qa4 Bh5 13. d4 $2 {[#]} (13. Rc1 $11 {and White has nothing to worry.}) 13... Nf4 $1 $19 {[%cal Rf4e2][%mdl 512]} 14. Bd1 {[#]} (14. exf4 Rxe2) 14... Nd3 (14... Nxg2 $1 $19 15. Kxg2 Qd5) 15. Ra2 {[#]} ({White should play} 15. Qb5 $15 Nxb2 16. Qxb2) 15... Bg6 (15... Qd5 $1 $19 {[%cal Rd5a2] is more deadly.} 16. Bb3 Qf5 17. dxc5 Bxf3 18. gxf3 Nxc5) 16. Bc2 (16. Bc3 $142) 16... Nxb2 (16... Be4 $17 {And now ...Bxf3 would win.} 17. dxc5 Qd5) 17. Rxb2 $15 Bxc2 18. Rxc2 cxd4 19. Nxd4 Nxd4 20. Qxd4 Qxd4 21. exd4 Rad8 22. Rc4 Bb6 23. Rd1 Re4 24. Nc3 Rexd4 25. Rcxd4 Rxd4 $17 {[%mdl 4096] Endgame KRB-KRN} 26. Re1 (26. Kf1 $17) 26... Kf8 $19 {White must now prevent ...Ba5.} 27. g3 (27. Kf1 $142) 27... Ba5 28. Re3 g6 29. Kg2 a6 30. Ne4 h5 31. h4 Bb6 32. Rb3 Rxe4 33. Rxb6 {KR-KR} Re7 34. Kf3 Ke8 (34... Rc7 $17 35. a4 Rc4) 35. Kf4 $11 Kd8 (35... Re2 $5 {[%cal Re2f2]} 36. f3 Ra2 $17) 36. f3 {The position is equal.} Kc7 37. Rf6 $1 Kd8 38. g4 hxg4 39. fxg4 Ke8 40. h5 gxh5 41. gxh5 Re6 42. Rxe6+ fxe6 {K3P-KPP} 43. Ke5 Kf7 44. h6 b5 {Hoping for ...a5.} 45. h7 Kg7 {Threatens to win with ...a5.} 46. Kxe6 a5 47. Kd5 b4 48. axb4 axb4 {( -> ...b3)} 49. Kc4 Kxh7 50. Kxb4 {Accuracy: White = 44%, Black = 52%.} 1/2-1/2

[Event "25th Bosnjaci Open 2020"]
[Site "Bosnjaci"]
[Date "2020.01.03"]
[Round "1.8"]
[White "Plenkovic, Zdenko"]
[Black "Dinic, Nenad"]
[Result "1-0"]
[WhiteElo "2348"]
[BlackElo "1854"]
[Annotator "ChessBase"]
[PlyCount "53"]
[EventDate "2020.01.03"]
[EventType "swiss"]
[EventCountry "CRO"]
[SourceTitle "playchess.com"]
[Source "ChessBase"]
[SourceQuality "1"]
[TimeControl "5400+30"]

1. e4 {[%emt 0:00:30]} c5 {[%emt 0:00:30]} 2. Nf3 {[%emt 0:00:00]} Nf6 {[%emt 0:00:30]} 3. e5 {[%emt 0:05:00]} Nd5 {[%emt 0:00:30]} 4. Nc3 {[%emt 0:02:30]} e6 {[%emt 0:00:30]} 5. Nxd5 {[%emt 0:03:30]} exd5 {[%emt 0:00:30]} 6. d4 {[%emt 0:01:30]} Nc6 {[%emt 0:00:30]} 7. dxc5 {[%emt 0:01:30]} Bxc5 {[%emt 0:00:30]} 8. Bd3 {[%emt 0:09:30]} d6 {[%emt 0:05:30]} 9. exd6 {[%emt 0:01:30]} Qxd6 {[%emt 0:01:30]} 10. O-O {[%emt 0:05:30]} O-O {[%emt 0:04:30]} 11. Re1 {[%emt 0:06:30]} h6 {[%emt 0:06:30]} 12. Be3 {[%emt 0:07:30]} Bxe3 {[%emt 0:05:30]} 13. Rxe3 {[%emt 0:00:00]} Be6 {[%emt 0:04:30]} 14. c3 {[%emt 0:07:00]} Rad8 {[%emt 0:03:30]} 15. Nd4 {[%emt 0:10:30]} Nxd4 {[%emt 0:06:30]} 16. cxd4 {[%emt 0:00:00]} Bd7 {[%emt 0:08:30]} 17. Qb3 {[%emt 0:02:00]} b6 {[%emt 0:02:30]} 18. Re5 {[%emt 0:05:30]} Bc6 {[%emt 0:05:30]} 19. h3 {[%emt 0:03:30]} Rfe8 {[%emt 0:00:30]} 20. Rc1 {[%emt 0:00:30]} Rxe5 {[%emt 0:06:30]} 21. dxe5 {[%emt 0:00:00]} Qe6 {[%emt 0:04:30]} 22. f4 {[%emt 0:02:00]} Bd7 {[%emt 0:01:30]} 23. Rc7 {[%emt 0:04:30]} b5 {[%emt 0:18:47]} 24. Qa3 {[%emt 0:02:26]} a6 {[%emt 0:01:27]} 25. Qc5 {[%emt 0:00:32]} g6 {[%emt 0:02:01]} 26. Be2 {[%emt 0:04:48]} f5 {[%emt 0:01:33]} 27. Bf3 {[%emt 0:00:20]} 1-0

[Event "25th Bosnjaci Open 2020"]
[Site "Bosnjaci"]
[Date "2020.01.03"]
[Round "1.9"]
[White "Fures, Ivica"]
[Black "Klasan, Vladimir"]
[Result "1/2-1/2"]
[WhiteElo "1852"]
[BlackElo "2342"]
[Annotator "TA"]
[PlyCount "153"]
[EventDate "2020.01.03"]
[EventType "swiss"]
[EventCountry "CRO"]
[SourceTitle "playchess.com"]
[Source "ChessBase"]
[SourceQuality "1"]

{[%evp 21,153,-35,-32,-86,-57,-65,-57,-60,-45,-52,-38,-72,-38,-80,-73,-92,-93,-111,-109,-118,-108,-124,-80,-96,-77,-77,-71,-89,-83,-81,-90,-80,-71,-100,-100,-100,-93,-80,-72,-91,-91,-97,-80,-91,-67,-122,-118,-122,-122,-122,-122,-158,-122,-164,-122,-137,-122,-164,-127,-175,-146,-141,-122,-122,-122,-250,-231,-174,-16,-16,-15,-15,-15,-16,-16,-27,-27,-27,-27,-39,-33,-48,-41,-41,-41,-41,-41,-48,-48,-120,-120,-109,-109,-109,-109,-124,-67,-67,-67,-67,-67,-67,-54,-67,0,0,0,0,0,0,0,-8,-8,-76,-76,-76,-76,-76,-76,-76,-30,-30,-9,-30,-8,-8,0,-8,0,-8,-8,-8,-8,-8]} 1. e4 c5 2. Nf3 d6 3. d4 cxd4 4. Nxd4 Nf6 5. Nc3 Nc6 6. Be2 e5 7. Nb3 Be7 8. O-O O-O 9. Be3 a5 10. a4 Nb4 11. f3 Be6 12. Bg5 $146 {B59: Classical Sicilian: 6 Be2 e5 7 Nb3} (12. Bf2 $15) ({Predecessor:} 12. Qd2 d5 13. exd5 Nfxd5 14. Nxd5 Nxd5 15. Rfd1 Nxe3 16. Qxe3 Qc7 17. c4 Rac8 18. Rac1 h6 19. Rc3 Bb4 20. Rcc1 {0-1 (28) Olenik Campa,R (1818)-Zhang,Z (2387) Nova Gorica 2019}) 12... Nxc2 13. Qxc2 {Black must now prevent Kh1.} Qb6+ {[%mdl 64] Double Attack} 14. Kh1 {Hoping for Nd2.Black is slightly better.} Bxb3 15. Qd2 Qb4 16. Bb5 Rfd8 17. Bxf6 Bxf6 18. Qe3 Rac8 19. Rfe1 h6 20. g3 Rc5 21. h4 Be6 22. Re2 Be7 23. Rd1 Rf8 24. Rd5 Bxd5 25. Nxd5 {[#]} Rxd5 $1 26. exd5 f5 27. Qc3 Qxc3 28. bxc3 $17 {[%mdl 4096] Endgame KRB-KRB} f4 29. Kg2 h5 30. Re4 fxg3 31. Kxg3 Bd8 32. Rc4 Kh7 33. Re4 (33. Bd7 $1 $15) 33... Kh6 34. Bd3 Bb6 35. Be2 Rf6 36. Bd3 g5 37. Be2 Rf8 38. Rc4 Bc5 39. Re4 Rg8 40. Kh3 Bf2 41. hxg5+ Kxg5 42. Rc4 Bc5 43. Rh4 {[#]} (43. Kg2 $17) 43... Rf8 $1 $19 44. f4+ exf4 $2 (44... Rxf4 $19 45. Rxh5+ Kg6) 45. Rxh5+ $11 Kg6 {...f3 is the strong threat.} 46. Kg4 Be3 47. Bd3+ Kf6 48. Rf5+ Ke7 49. Rxf8 Kxf8 {KB-KB} 50. Bb5 Kf7 51. Bd7 Ke7 52. Bb5 $1 Kf6 53. c4 Ke5 {Strongly threatening ...Ke4.} 54. Kf3 Kd4 55. Ke2 ({Better is} 55. Bc6 $15) 55... Ke4 $17 56. Bd7 f3+ 57. Kf1 Kd3 58. Bc8 {[#]} b5 $1 {[%mdl 512]} 59. cxb5 $15 (59. axb5 a4) 59... Bb6 60. Bg4 Ke4 61. Be6 Kd4 62. Bg4 Kxd5 (62... Ke3 $1 $15) 63. Bxf3+ $11 Kc4 64. Ke1 Kc3 65. Bd1 $1 d5 66. Be2 d4 67. Kd1 (67. Bg4 $11) 67... Kb3 $17 68. Kc1 Kxa4 69. Kb2 Kb4 70. Bd3 Kc5 71. Kb3 Kd5 72. Bc2 Ke5 73. Kc4 {The position is equal.} Kf4 74. Kd3 Ke5 75. Kc4 Kd6 76. Ba4 Bc5 77. Bc2 {Accuracy: White = 40%, Black = 50%.} 1/2-1/2

[Event "25th Bosnjaci Open 2020"]
[Site "Bosnjaci"]
[Date "2020.01.03"]
[Round "1.10"]
[White "Zovko, Mario"]
[Black "Novosad, Ivan"]
[Result "1-0"]
[WhiteElo "2330"]
[BlackElo "1843"]
[Annotator "NA"]
[PlyCount "55"]
[EventDate "2020.01.03"]
[EventType "swiss"]
[EventCountry "CRO"]
[SourceTitle "playchess.com"]
[Source "ChessBase"]
[SourceQuality "1"]
[TimeControl "5400+30"]

1. e4 {[%emt 0:00:30]} c6 {[%emt 0:00:30]} 2. d4 {[%emt 0:00:00]} d5 {[%emt 0:00:30]} 3. exd5 {[%emt 0:00:00]} cxd5 {[%emt 0:00:30]} 4. c4 {[%emt 0:00:00]} Nf6 {[%emt 0:02:30]} 5. Nc3 {[%emt 0:00:00]} Bf5 {[%emt 0:03:30]} 6. Qb3 {[%emt 0:02:30]} Qb6 {[%emt 0:10:30]} 7. Qxb6 {[%emt 0:04:30]} axb6 {[%emt 0:04:30]} 8. cxd5 {[%emt 0:01:30]} Na6 {[%emt 0:00:30]} 9. Nf3 {[%emt 0:03:30]} Nb4 {[%emt 0:03:30]} 10. Bb5+ {[%emt 0:01:30]} Nd7 {[%emt 0:07:30]} 11. O-O {[%emt 0:01:30]} f6 {[%emt 0:03:30]} 12. Bd2 {[%emt 0:09:30]} Bd3 {[%emt 0:06:30]} 13. Bxd3 {[%emt 0:05:30]} Nxd3 {[%emt 0:00:30]} 14. Rab1 {[%emt 0:00:00]} g5 {[%emt 0:00:30]} 15. g3 {[%emt 0:03:00]} h5 {[%emt 0:01:30]} 16. a3 {[%emt 0:02:30]} Bg7 {[%emt 0:12:30]} 17. Rfd1 {[%emt 0:04:30]} Rc8 {[%emt 0:01:30]} 18. Kf1 {[%emt 0:01:30]} b5 {[%emt 0:01:30]} 19. Ke2 {[%emt 0:00:30]} b4 {[%emt 0:00:30]} 20. Kxd3 {[%emt 0:00:30]} bxc3 {[%emt 0:01:30]} 21. bxc3 {[%emt 0:00:00]} b6 {[%emt 0:00:30]} 22. c4 {[%emt 0:01:00]} h4 {[%emt 0:00:30]} 23. Re1 {[%emt 0:00:30]} Kf7 {[%emt 0:02:30]} 24. Bb4 {[%emt 0:02:30]} Rhe8 {[%emt 0:02:30]} 25. Re6 {[%emt 0:00:30]} Rc7 {[%emt 0:00:30]} 26. Rbe1 {[%emt 0:00:30]} Bf8 {[%emt 0:02:30]} 27. g4 {[%emt 0:03:30]} Rec8 {[%emt 0:01:30]} 28. Nd2 {[%emt 0:00:30]} 1-0